The classification of flowering plants Vol.11 (Record no. 301324)
[ view plain ]
| 000 -LEADER | |
|---|---|
| fixed length control field | 00673nam a2200253Ia 4500 |
| 008 - FIXED-LENGTH DATA ELEMENTS--GENERAL INFORMATION | |
| fixed length control field | 141004s9999 xx 000 0 und d |
| 020 ## - INTERNATIONAL STANDARD BOOK NUMBER | |
| International Standard Book Number | 0 7069 0862 7 |
| 040 ## - CATALOGING SOURCE | |
| Transcribing agency | a |
| 041 ## - LANGUAGE CODE | |
| Language code of text/sound track or separate title | English |
| 082 ## - DEWEY DECIMAL CLASSIFICATION NUMBER | |
| Classification number | 580.12 |
| 082 ## - DEWEY DECIMAL CLASSIFICATION NUMBER | |
| Item number | REN/CL |
| 100 ## - MAIN ENTRY--PERSONAL NAME | |
| Personal name | Alfred Barton Rendle |
| 245 ## - TITLE STATEMENT | |
| Statement of responsibility, etc. | Alfred Barton Rendle |
| 245 #4 - TITLE STATEMENT | |
| Title | The classification of flowering plants Vol.11 |
| 260 ## - PUBLICATION, DISTRIBUTION, ETC. (IMPRINT) | |
| Place of publication, distribution, etc. | Delhi |
| 260 ## - PUBLICATION, DISTRIBUTION, ETC. (IMPRINT) | |
| Name of publisher, distributor, etc. | Vikas publishing House pvt Ltd |
| 260 ## - PUBLICATION, DISTRIBUTION, ETC. (IMPRINT) | |
| Date of publication, distribution, etc. | 1979 |
| 300 ## - PHYSICAL DESCRIPTION | |
| Extent | 640 p. |
| 300 ## - PHYSICAL DESCRIPTION | |
| Other physical details | 22 cm |
| 365 ## - TRADE PRICE | |
| Price type code | Rs.150 |
| 501 ## - WITH NOTE | |
| With note | 7A3,4 |
| 650 ## - SUBJECT ADDED ENTRY--TOPICAL TERM | |
| Topical term or geographic name as entry element | Flowering plants |
| 942 ## - ADDED ENTRY ELEMENTS (KOHA) | |
| Koha item type | Books (General) |
| Withdrawn status | Lost status | Damaged status | Not for loan | Collection code | Home library | Current library | Cost, normal purchase price | Total Checkouts | Full call number | Barcode | Date last seen | Date checked out | Price effective from | Koha item type |
|---|---|---|---|---|---|---|---|---|---|---|---|---|---|---|
| College of Forestry, Vellanikkara | College of Forestry, Vellanikkara | 150.00 | 1 | 580.12 REN/CL | KAU_COF-402 | 18/03/2017 | 02/03/2017 | 04/10/2014 | Books (General) |
